| 000 | 00618nam a2200229Ia 4500 | ||
|---|---|---|---|
| 003 | OSt | ||
| 005 | 20220918192146.0 | ||
| 006 | a|||||r|||| 00| 0 | ||
| 007 | ta | ||
| 008 | 220917b |||||||| |||| 00| 0 eng d | ||
| 024 | _a67,302 | ||
| 037 | _cTextual | ||
| 040 |
_aARTS _cARTS _beng |
||
| 041 |
_2eng _aeng |
||
| 082 | _aR3xK32, C4;H7 | ||
| 100 |
_aLocke John _914649 |
||
| 245 | 0 | _aEssay concerning human understanding ed by Raymond Wilburn | |
| 260 |
_aLondon _bJ M Dent _c1946 |
||
| 300 |
_axxv,355p. _ccm. |
||
| 942 |
_hR3xK32, C4;H7 _cTEXL _2CC |
||
| 999 |
_c193535 _d193535 |
||